Dynamically consolidated composites : (Record no. 5387)
[ view plain ]
| 000 -LEADER | |
|---|---|
| fixed length control field | 00772nac a22001931u 4500 |
| 010 ## - LIBRARY OF CONGRESS CONTROL NUMBER | |
| LC control number | 91023462 |
| 020 ## - INTERNATIONAL STANDARD BOOK NUMBER | |
| International Standard Book Number | 1851666095 |
| 082 00 - DEWEY DECIMAL CLASSIFICATION NUMBER | |
| Classification number | 620.118 |
| Item number | BLA. |
| 090 ## - LOCALLY ASSIGNED LC-TYPE CALL NUMBER (OCLC); LOCAL CALL NUMBER (OCLC) | |
| -- | 5387 |
| -- | 5387 |
| 100 ## - MAIN ENTRY--PERSONAL NAME | |
| Personal name | Blazynski, T. Z. |
| 245 10 - TITLE STATEMENT | |
| Title | Dynamically consolidated composites : |
| Remainder of title | manufacture and properties / |
| Statement of responsibility, etc | T.Z. Blazynski. |
| 260 ## - PUBLICATION, DISTRIBUTION, ETC. (IMPRINT) | |
| Place of publication, distribution, etc | London ; |
| -- | New York : |
| Name of publisher, distributor, etc | Elsevier Applied Science ; |
| Place of publication, distribution, etc | New York, NY, USA : |
| Name of publisher, distributor, etc | Sole distributor in the USA and Canada, Elsevier Science Pub. Co.,c1992. |
| Date of publication, distribution, etc | c1992. |
| 300 ## - PHYSICAL DESCRIPTION | |
| Extent | xiii, 452 p. : |
| Other physical details | ill. ; |
| Dimensions | 23 cm. |
| 500 ## - GENERAL NOTE | |
| General note | Distributer : Al Ahram. |
| 504 ## - BIBLIOGRAPHY, ETC. NOTE | |
| Bibliography, etc | Includes bibliographical references and index. |
| 511 ## - PARTICIPANT OR PERFORMER NOTE | |
| Participant or performer note | Catalogued By : Mahitab. |
| 650 #0 - SUBJECT ADDED ENTRY--TOPICAL TERM | |
| Topical term or geographic name as entry element | Composite materials. |
| 942 ## - ADDED ENTRY ELEMENTS (KOHA) | |
| Item type | Book - Borrowing |
| Call number prefix | 620.118BLA. |
| Withdrawn status | Item status | Damaged status | Not for loan | Home library | Current library | Shelving location | Date acquired | Source of acquisition | Total Checkouts | Full call number | Barcode | Date last seen | Date last borrowed | Koha item type |
|---|---|---|---|---|---|---|---|---|---|---|---|---|---|---|
| Central Library | Central Library | First floor | 25/10/2007 | Purchase | 1 | 620.118BLA. | 000006738 | 15/07/2025 | 09/06/2013 | Book - Borrowing |